<?xml version="1.0" encoding="UTF-8"?><?xml-stylesheet type="text/xsl" href="static/style.xsl"?><OAI-PMH xmlns="http://www.openarchives.org/OAI/2.0/" xmlns:xsi="http://www.w3.org/2001/XMLSchema-instance" xsi:schemaLocation="http://www.openarchives.org/OAI/2.0/ http://www.openarchives.org/OAI/2.0/OAI-PMH.xsd"><responseDate>2026-06-05T17:22:14Z</responseDate><request verb="GetRecord" identifier="oai:riuma.uma.es:10630/13119" metadataPrefix="marc">https://riuma.uma.es/rest/oai/request</request><GetRecord><record><header><identifier>oai:riuma.uma.es:10630/13119</identifier><datestamp>2026-02-03T10:26:10Z</datestamp><setSpec>com_10630_1685</setSpec><setSpec>col_10630_38055</setSpec></header><metadata><record xmlns="http://www.loc.gov/MARC21/slim" xmlns:dcterms="http://purl.org/dc/terms/" xmlns:doc="http://www.lyncode.com/xoai" xmlns:xsi="http://www.w3.org/2001/XMLSchema-instance" xsi:schemaLocation="http://www.loc.gov/MARC21/slim http://www.loc.gov/standards/marcxml/schema/MARC21slim.xsd">
   <leader>00925njm 22002777a 4500</leader>
   <datafield ind2=" " ind1=" " tag="042">
      <subfield code="a">dc</subfield>
   </datafield>
   <datafield ind2=" " ind1=" " tag="720">
      <subfield code="a">Díaz Álvarez, Jana</subfield>
      <subfield code="e">author</subfield>
   </datafield>
   <datafield ind2=" " ind1=" " tag="260">
      <subfield code="c">2017-02-23</subfield>
   </datafield>
   <datafield ind2=" " ind1=" " tag="520">
      <subfield code="a">El paisaje, en mi obra, es tratado como una extensión de terreno físico o espiritual, símbolo de individualidad y del pensamiento personal. Siento el paisaje como lugar de encuentro con el “yo” más profundo, un lugar para meditar o reflexionar.&#xd;
Mi proyecto consiste en una serie de fotografías, de pequeños elementos naturales trabajados en maquetas, llevadas a gran formato. Su tema principal es la relación entre el paisaje y la introspección.&#xd;
El desarrollo de esta idea está fundamentado en la investigación en diferentes campos: filosófico,artístico y psicológico. Dentro de estas disciplinas abordo los siguientes puntos:&#xd;
1 El paisaje, la relación entre naturaleza e introspección.&#xd;
2 La abstracción y su carácter enigmático.&#xd;
3 La filosofía oriental, principalmente la influencia del budismo zen.&#xd;
4 El psicoanálisis, la importancia del subconsciente tanto en la creación como en la recepción de la obra.&#xd;
Este proyecto pretende sumergir al espectador en un encuentro consigo mismo a través de la&#xd;
construcción de una serie de paisajes ficticios donde luz, espacio y materia se combinan para crear enigmáticas imágenes con diferentes atmósferas que propicien el silencio y la introspección.&#xd;
Exploro la belleza que se revela en las cosas sencillas y a veces aparentemente ocultas de la vida para infundir una onda de experiencia estética, de carácter sosegado y místico, gracias también al tratamiento y la coexistencia entre la luz y la sombra, el espacio, el vacío, la materia y el color.&#xd;
Estos paisajes pueden encender nuestro recuerdo pero gracias a su ambigüedad formal dificultan la identificación de sus componentes con la intención de alcanzar ciertas dosis de misterio. Se trata de fotografías abstractas de espacios que nos invitan a experimentar simbólicamente un proceso subjetivo de sensaciones ambivalentes; en definitiva nos muestran espacios carentes de vida, para&#xd;
que nosotros podamos habitarlos a nuestra manera.</subfield>
   </datafield>
   <datafield ind1="8" ind2=" " tag="024">
      <subfield code="a">http://hdl.handle.net/10630/13119</subfield>
   </datafield>
   <datafield tag="653" ind2=" " ind1=" ">
      <subfield code="a">Fotografía - Trabajos fin de grado</subfield>
   </datafield>
   <datafield tag="653" ind2=" " ind1=" ">
      <subfield code="a">Grado en Bellas Artes - Trabajos Fin de Grado</subfield>
   </datafield>
   <datafield tag="653" ind2=" " ind1=" ">
      <subfield code="a">Bellas Artes - Trabajos Fin de Grado</subfield>
   </datafield>
   <datafield ind2="0" ind1="0" tag="245">
      <subfield code="a">Horizontes verticales</subfield>
   </datafield>
</record>
</metadata></record></GetRecord></OAI-PMH>